• 首页
  • 本馆介绍
  • 公告通知
  • 最新文献
  • 馆藏检索
  • 电子资源
  • 读者导购
  • 参考咨询
  • 我的图书馆
  • 登录
  • 详细信息显示
  • 放入我的书架
  • 预约/预借图书
  • 作者相关作品
  • 分类相关作品
  • 丛书相关作品
  • 出版社相关作品

书目信息

  • 表格格式
  • 工作单格式
  • 卡片格式
题名:
健康靓丽从头开始
    
 
作者: 赵宇浩 编著
分册:  
出版信息: 北京   北京科学技术出版社  2004
页数: 129页
开本: 20cm
丛书名: 从头按到脚丛书
单 册:
中图分类: R244.1
科图分类:
主题词: 美容--保健--按摩疗法(中医) , 头部 , 头部--保健--按摩疗法(中医) , 按摩疗法(中医) , 美容 , 保健
电子资源:
ISBN: 7-5304-2859-4
000 00997oam2 2200313 450
001 002619618
005 20061105144925.03
010    @a7-5304-2859-4@dCNY25.00
100    @a20040303d2004 em y0chiy0110 ea
101 0  @achi
102    @aCN@b110000
105    @aa z 000yy
200 1  @a健康靓丽从头开始@9jian kang jing li cong tou kai shi@e头面部自我按摩@f赵宇浩编著
210    @a北京@c北京科学技术出版社@d2004
215    @a129页@c图@d20cm
225 2  @a从头按到脚丛书
330    @a本书配以大量彩图真人示范,手把手教你自我按摩,书中包括:头痛一扫空——比吃去通片还灵的按摩方法、眩晕不必烦等内容。
461  0 @12001 @a从头按到脚丛书
517 1  @a头面部自我按摩@9tou mian bu zi wo an mo
606 0  @a美容@x保健@x按摩疗法(中医)
606 0  @a头部
606 0  @a头部@x保健@x按摩疗法(中医)
606 0  @a按摩疗法(中医)
606 0  @a美容
606 0  @a保健
690    @aR244.1@v4
701  0 @a赵宇浩@9zhao yu hao@4编著
801  0 @aCN@bNLC@c20061105
905    @a10447@dR244.1@e179
    
    健康靓丽从头开始:头面部自我按摩/赵宇浩编著.-北京:北京科学技术出版社,2004
    129页:图;20cm.-(从头按到脚丛书)
    
    
    ISBN 7-5304-2859-4:CNY25.00
    本书配以大量彩图真人示范,手把手教你自我按摩,书中包括:头痛一扫空——比吃去通片还灵的按摩方法、眩晕不必烦等内容。
●
相关链接 在E读中查询图书 在五车中查询图书 在当当中查询图书 在豆瓣中查询图书


正题名:健康靓丽从头开始     索取号:R244.1/179         预约/预借

序号 登录号 条形码 馆藏地/架位号 状态 备注
1 0382003   203820035   第二样本阅览室/ [索取号:R244.1/179] 在馆    
2 0382004   203820044   第三借阅区/ [索取号:R244.1/179] 在馆    
3 0382005   203820053   第三借阅区/ [索取号:R244.1/179] 在馆    
4 0382006   203820062   第三借阅区/ [索取号:R244.1/179] 在馆    
5 0382007   203820071   第三借阅区/ [索取号:R244.1/179] 在馆    
唐山师范学院图书馆 欢迎您!
大连网信软件有限公司© 版权所有